<?xml version="1.0" encoding="UTF-8"?><?xml-stylesheet type="text/xsl" href="static/style.xsl"?><OAI-PMH xmlns="http://www.openarchives.org/OAI/2.0/" xmlns:xsi="http://www.w3.org/2001/XMLSchema-instance" xsi:schemaLocation="http://www.openarchives.org/OAI/2.0/ http://www.openarchives.org/OAI/2.0/OAI-PMH.xsd"><responseDate>2026-06-01T12:19:28Z</responseDate><request verb="GetRecord" identifier="oai:riuma.uma.es:10630/35914" metadataPrefix="marc">https://riuma.uma.es/rest/oai/request</request><GetRecord><record><header><identifier>oai:riuma.uma.es:10630/35914</identifier><datestamp>2026-02-03T11:40:45Z</datestamp><setSpec>com_10630_2254</setSpec><setSpec>col_10630_37956</setSpec></header><metadata><record xmlns="http://www.loc.gov/MARC21/slim" xmlns:dcterms="http://purl.org/dc/terms/" xmlns:doc="http://www.lyncode.com/xoai" xmlns:xsi="http://www.w3.org/2001/XMLSchema-instance" xsi:schemaLocation="http://www.loc.gov/MARC21/slim http://www.loc.gov/standards/marcxml/schema/MARC21slim.xsd">
   <leader>00925njm 22002777a 4500</leader>
   <datafield ind2=" " ind1=" " tag="042">
      <subfield code="a">dc</subfield>
   </datafield>
   <datafield ind2=" " ind1=" " tag="720">
      <subfield code="a">Ruiz-Santamaría, José Luis</subfield>
      <subfield code="e">author</subfield>
   </datafield>
   <datafield ind2=" " ind1=" " tag="260">
      <subfield code="c">2022</subfield>
   </datafield>
   <datafield ind2=" " ind1=" " tag="520">
      <subfield code="a">El aumento de la edad de la población mundial se manifiesta hoy como un hecho constatado que, pese a los efectos perniciosos provocados mayor edad, se continúa consolidando dicha tendencia al alza. Según las previsiones de la Organización Mundial de la Salud, en los próximos diez años el porcentaje de habitantes del planeta mayores de sesenta años aumentará un treinta y cuatro por ciento. Se está produciendo un ritmo de envejecimiento de la población mucho más rápido que en el pasado3. Se trata de un nuevo escenario donde el desafío común al que se enfrentan todos los países se centra en la configuración de nuevos sistemas sanitarios y sociales que puedan dar una respuesta adecuada ante los futuros cambios demográficos que se vislumbran.  En efecto, desde la perspectiva de la salud pública, la sociedad actual se ha marcado como reto prioritario alcanzar las mayores cotas posibles de calidad de vida autónoma e independiente para este colectivo. Paralelamente, la atención a la dependencia de este sector poblacional se reconoce como un derecho social que implica el desarrollo de un sistema garantista y protector, acompañado de la ineludible responsabilidad social y política que requiere.</subfield>
   </datafield>
   <datafield ind1="8" ind2=" " tag="024">
      <subfield code="a">Ruiz Santamaría, José Luis: “Edad y dependencia. Aspectos fundamentales y factores relacionales”, en La protección de Seguridad Social a las personas mayores, retos para el siglo XXI. Estudio comparado de los países latinoamericanos y del sur de Europa / coord. por Marina Fernández Ramírez, Miguel Ángel Gómez Salado, José Luis Ruiz Santamaría; Salvador Perán Quesada (dir.), Francisco Vila Tierno (dir.), Juan Raso Delgue (dir.), Alfredo Sánchez Castañeda (dir.), Francisco J. Tapia Guerrero (dir.), Alvaro Rodríguez Azcúe (dir.), 2022, ISBN 9788418330896, págs. 459-487</subfield>
   </datafield>
   <datafield ind1="8" ind2=" " tag="024">
      <subfield code="a">978-84-18330-89-6</subfield>
   </datafield>
   <datafield ind1="8" ind2=" " tag="024">
      <subfield code="a">https://hdl.handle.net/10630/35914</subfield>
   </datafield>
   <datafield tag="653" ind2=" " ind1=" ">
      <subfield code="a">Envejecimiento de la población</subfield>
   </datafield>
   <datafield tag="653" ind2=" " ind1=" ">
      <subfield code="a">Seguridad social</subfield>
   </datafield>
   <datafield ind2="0" ind1="0" tag="245">
      <subfield code="a">Edad y dependencia. Aspectos fundamentales y factores relacionales.</subfield>
   </datafield>
</record>
</metadata></record></GetRecord></OAI-PMH>